Das Harmonikale in der Musikauffassung Rainer Maria Rilkes.

Saved in:
Bibliographic Details
Main Author: Spitzer, Leopold
Format: Book
Language:German
Published: Wien : Lafite, 1974.
Series:Beitrage zur harmonikalen Grundlagenforschung, Heft 6
Subjects:
LEADER 00812nam a22002171 4500
001 c000348917
003 CARM
005 00000000000000.0
008 851003s1974 au 0 ger d
019 1 |a 3985168  |z 27393609  |5 LACONCORD2021 
035 |a (OCoLC)1439978  |5 LACONCORD2021 
100 1 |a Spitzer, Leopold. 
245 1 4 |a Das Harmonikale in der Musikauffassung Rainer Maria Rilkes. 
260 |a Wien :  |b Lafite,  |c 1974. 
300 |a 70 p. 
490 0 |a Beitrage zur harmonikalen Grundlagenforschung, Heft 6 
600 1 0 |a Rilke, Rainer Maria,  |d 1875-1926. 
852 8 |b CARM  |h A1:AN14E0  |i C09734  |p 0413816  |f BK 
082 0 4 |a 831.9 
999 f f |i ee968d17-6e61-5171-99fb-0f0f87ceade9  |s b971ab35-8975-589c-9f57-db4a18e13d94 
952 f f |p Can circulate  |a CAVAL  |b CAVAL  |c CAVAL  |d CARM 1 Store  |e C09734  |f A1:AN14E0  |h Other scheme  |i book  |m 0413816